សមាគមសន្សំ និង​ ឥទានទានក្នុងស្រុកសំរោងទង ខេត្តកំពង់ស្ពឺ (saving and credit association in somrongtong district) (Record no. 407)

000 -LEADER
fixed length control field 00570nam a22001577a 4500
003 - CONTROL NUMBER IDENTIFIER
control field OSt
005 - DATE AND TIME OF LATEST TRANSACTION
control field 20150914092204.0
008 - FIXED-LENGTH DATA ELEMENTS--GENERAL INFORMATION
fixed length control field 150914b xxu||||| |||| 00| 0 eng d
040 ## - CATALOGING SOURCE
Transcribing agency RUA
082 ## - DEWEY DECIMAL CLASSIFICATION NUMBER
Classification number AGR KAN 2000 B022 Or.1
100 ## - MAIN ENTRY--PERSONAL NAME
9 (RLIN) 428
Personal name KANN, KHOM.
245 ## - TITLE STATEMENT
Title សមាគមសន្សំ និង​ ឥទានទានក្នុងស្រុកសំរោងទង ខេត្តកំពង់ស្ពឺ (saving and credit association in somrongtong district)
260 ## - PUBLICATION, DISTRIBUTION, ETC. (IMPRINT)
Place of publication, distribution, etc. Phnom Penh
Name of publisher, distributor, etc. RUA
Date of publication, distribution, etc. 2000
300 ## - PHYSICAL DESCRIPTION
Extent 32p.
Other physical details ill.
Dimensions 29cm.
942 ## - ADDED ENTRY ELEMENTS (KOHA)
Source of classification or shelving scheme
Koha item type AGR
Holdings
Price effective from Date last seen Permanent Location Not for loan Date acquired Source of classification or shelving scheme Koha item type Barcode Lost status Damaged status Shelving location Withdrawn status Current Location Full call number
2015-09-142015-09-14Library Block B 2015-09-14 AGRRUA001942  B022 Library Block BAGR KAN 2000 B022 Or.1
2015-09-142015-09-14Library Block B 2015-09-14 AGRRUA001864  B022 Library Block BAGR KAN 2000 B022 Or.2
2015-09-142015-09-14Library Block B 2015-09-14 AGRRUA001792  B022 Library Block BAGR KAN 2000 B022 Or.3
2015-09-142015-09-14Library Block B 2015-09-14 AGRRUA001720  B022 Library Block BAGR KAN 2000 B022 Or.4
2015-09-142015-09-14Library Block B 2015-09-14 AGRRUA001648  B022 Library Block BAGR KAN 2000 B022 Or.5
2015-09-142015-09-14Library Block B 2015-09-14 AGRRUA001858  B022 Library Block BAGR KAN 2000 B022 Or.6
2015-09-142015-09-14Library Block B 2015-09-14 AGRRUA001786  B022 Library Block BAGR KAN 2000 B022 Or.7
2015-09-142015-09-14Library Block B 2015-09-14 AGRRUA001996  B022 Library Block BAGR KAN 2000 B022 Or.8
2015-09-142015-09-14Library Block B 2015-09-14 AGRRUA001780  B022 Library Block BAGR KAN 2000 B022 Or.9
2015-09-142015-09-14Library Block B 2015-09-14 AGRRUA001852  B022 Library Block BAGR KAN 2000 B022 Or.10
2016-06-152016-06-15Library Block B 2016-06-15 AGRRUA057487    Library Block BAGR KAN 2000 B022 Or.11
2016-08-052016-08-05Library Block B 2016-08-05 AGRRUA060218    Library Block BAGR KAN 2000 B022 Or.12
មជ្ឈមណ្ឌលឯការនៃសាកលវិទ្យាល័យភូមិន្ទកសិកម្មចំការដូង

Powered by Koha